| 000 | 01266cad a22001935a 4500 | ||
|---|---|---|---|
| 001 | L157056 | ||
| 008 | 120824s2012 xxk 000 0 eng d | ||
| 035 | _a(Sirsi) u157056 | ||
| 041 | 0 | _aeng | |
| 110 | 2 | _aCBRE | |
| 245 | 0 | 0 |
_aPrime office occupancy costs _boffice markets in transition - July 2012 _h[electronic resource] |
| 260 |
_a[S.l.] _bCBRE _c2012 |
||
| 520 | _aOffice markets are moving from contraction to recovery. Of the 133 global office markets tracked, office occupancy costs increased in 80 during Q1 2012 year-over-year, with only 24 markets reporting declines. Office occupancy costs increased by an average 3.6% globally, led by Asia Pacific (7.8%) which has six of the 10 most expensive markets, and the Americas (5.0%) but EMEA only attained a muted 0.4% increase. The most expensive markets and those that reported the largest occupancy cost gains share common characteristics including stronger growth dynamics, resurgent Central Business District locations, diversified economic bases and shortage of quality space. | ||
| 590 | _aNTK KA | ||
| 651 | 4 | _aInternational | |
| 690 |
_aCommercial property _96227 |
||
| 856 | 4 | 0 |
_uhttps://www.cbre.eu/portal/pls/portal/res_rep.show_report?report_id=2082 _zView the report at www.cbre.eu |
| 942 | _n0 | ||
| 999 |
_c84249 _d84249 |
||